British Citizenship Test - Statistics

General Stats
  • This quiz has been taken 65,044 times
  • The average score is 9 of 15
Answer Stats
Question Answer % Correct
Which of the following was written by William Shakespeare? A Midsummer Night’s Dream
91%
True or False: The national anthem "God Save the King" can only be played in the presence of the King. False
89%
True or false: The Bill of Rights in 1689 gave women the right to vote. False
87%
True or False: Scotland issues its own pound sterling banknotes. True
73%
What is the Cenotaph? A war memorial
71%
Who was given the title of Lord Protector? Oliver Cromwell
66%
Where is Big Ben located? The Houses of Parliament
65%
What sort of event is the Grand National? Horse racing
64%
Which flower is associated with Scotland? Thistle
63%
What's the longest time that can go by without a general election happening? 5 years
53%
Which of these territories is a Crown dependency but is NOT part of the UK? The Channel Islands
53%
Who is the patron Saint of Wales? St. David
51%
True or False: Wales has its own established church. False
45%
Who was supported by clansmen from the Scottish highlands and raised an army in 1745? Bonnie Prince Charlie
37%
Which of the following is a responsibility of the Home Secretary? Policing
30%
No matching quizzes found
Score Distribution
Percent of People with Each Score
Percentile by Number Answered
Your Score History
You have not taken this quiz